"New" Cities - Sudden Death - Statistics

General Stats
  • This quiz has been taken 238 times
    234 since last reset
  • The average score is 6 of 8
Answers on the Grid
Answers color-coded by a green-red scale on the quiz's grid according to % correct below.
Venice
Oslo
Braunfels
Delhi
Bangkok
Rochelle
Lima
Dubai
Seoul
Moscow
Istanbul
York
Mombasa
Rio de Janeiro
Plymouth
Tokyo
Sydney
Haven
Jakarta
Los Angeles
Orleans
Beijing
Lagos
Buenos Aires
Panama City
Stockholm
Astana
Tehran
Albany
Singapore
 
Answer Stats
Answer % Correct
United States York
96%
India Delhi
93%
United States Orleans
93%
United States Haven
87%
United States Rochelle
66%
United States Braunfels
57%
New Zealand Plymouth
54%
United States Albany
47%
No matching quizzes found
Score Distribution
Percent of People with Each Score
Percentile by Number Answered
Your Score History
You have not taken this quiz since the last reset